Jumanji / (Record no. 33654)
[ view plain ]
| 000 -CABECERA | |
|---|---|
| campo de control de longitud fija | 00577nam a2200205 a 4500 |
| 005 - FECHA Y HORA DE LA ÚLTIMA TRANSACCIÓN | |
| campo de control | 20240228063828.0 |
| 008 - ELEMENTOS DE LONGITUD FIJA--INFORMACIÓN GENERAL | |
| campo de control de longitud fija | 991125s1995 mx 000 0 spa u |
| 020 ## - NÚMERO INTERNACIONAL NORMALIZADO PARA LIBROS | |
| Número Internacional Estándar del Libro | 968163666X |
| 035 ## - NÚMERO DE CONTROL DEL SISTEMA | |
| Número de control de sistema | UPN01000033654 |
| 049 ## - COLECCIÓN | |
| Colección | I |
| 050 #4 - SIGNATURA TOPOGRÁFICA DE LA BIBLIOTECA DEL CONGRESO | |
| Número de clasificación | PZ7 |
| Número de documento/Ítem | A4.48 |
| 100 1# - ASIENTO PRINCIPAL--NOMBRE PERSONAL | |
| Nombre de persona | Allsburg, Chris Van |
| 245 10 - MENCIÓN DE TÍTULO | |
| Título | Jumanji / |
| Mención de responsabilidad, etc. | Chris Van Allsburg ; tr. Rafael Segovia Albán. |
| 260 ## - PUBLICACIÓN, DISTRIBUCIÓN, ETC. | |
| Lugar de publicación, distribución, etc. | México : |
| Nombre del editor, distribuidor, etc. | FCE, |
| Fecha de publicación, distribución, etc. | 1995. |
| 300 ## - DESCRIPCIÓN FÍSICA | |
| Extensión | [28] p. : |
| Otras características físicas | il. |
| 440 #0 - MENCIÓN DE SERIE/ASIENTO SECUNDARIO--TÍTULO | |
| Título | A la orilla del viento |
| 650 #4 - ASIENTO SECUNDARIO DE MATERIA - TERMINO TEMATICO | |
| Término de materia o nombre geográfico como elemento de entrada | Cuentos infantiles |
| 9 (RLIN) | 6744 |
| 650 #4 - ASIENTO SECUNDARIO DE MATERIA - TERMINO TEMATICO | |
| Término de materia o nombre geográfico como elemento de entrada | Libros y lectura para niños |
| 9 (RLIN) | 2290 |
| 905 ## - TIPO DE MATERIAL | |
| Tipo de material | Infantil |
| Estado de retiro | Estado de pérdida | Fuente del sistema de clasificación o colocación | Estado dañado | No para préstamo | Código de colección | Localización permanente | Ubicación/localización actual | Ubicación en estantería | Total de préstamos | Clasificación | Código de barras | Fecha visto por última vez | Número de copia | Tipo de ítem Koha | Fecha de adquisición | Renovaciones totales | Fecha del último préstamo |
|---|---|---|---|---|---|---|---|---|---|---|---|---|---|---|---|---|---|
| Library of Congress Classification | Infantil | Bib. Gregorio Torres Quintero | Bib. Gregorio Torres Quintero | Sala infantil Planta baja | PZ7 A4.48 | 24738F | 31/12/2020 | 1 | Libro | ||||||||
| Library of Congress Classification | Infantil | Bib. Gregorio Torres Quintero | Bib. Gregorio Torres Quintero | Sala infantil Planta baja | PZ7 A4.48 | 160993 | 31/12/2020 | 1 | Libro | 10/05/2023 | |||||||
| Library of Congress Classification | Infantil | Bib. Gregorio Torres Quintero | Bib. Gregorio Torres Quintero | Sala infantil Planta baja | 1 | PZ7 A4.48 | 196231 | 16/05/2022 | 1 | Libro | 29/04/2022 | 1 | 29/04/2022 |
